<?xml version="1.0" encoding="UTF-8"?>
<record
    xmlns:xsi="http://www.w3.org/2001/XMLSchema-instance"
    xsi:schemaLocation="http://www.loc.gov/MARC21/slim http://www.loc.gov/standards/marcxml/schema/MARC21slim.xsd"
    xmlns="http://www.loc.gov/MARC21/slim">

  <leader>00575nam a2200205 a 4500</leader>
  <controlfield tag="005">20250927103631.0</controlfield>
  <datafield tag="020" ind1=" " ind2=" ">
    <subfield code="a">0003223434 (paperback)</subfield>
  </datafield>
  <datafield tag="020" ind1=" " ind2=" ">
    <subfield code="a">9780003223439 (paperback)</subfield>
  </datafield>
  <datafield tag="082" ind1=" " ind2=" ">
    <subfield code="a">547 NOR</subfield>
  </datafield>
  <datafield tag="100" ind1="1" ind2=" ">
    <subfield code="a">Norman,R.O.C.</subfield>
    <subfield code="9">322</subfield>
  </datafield>
  <datafield tag="245" ind1="1" ind2="0">
    <subfield code="a">Modern organic chemistry </subfield>
  </datafield>
  <datafield tag="250" ind1=" " ind2=" ">
    <subfield code="a">4 e</subfield>
  </datafield>
  <datafield tag="260" ind1=" " ind2=" ">
    <subfield code="a">London</subfield>
    <subfield code="b">Mills &amp; Boon Limited/CollinsEducational,</subfield>
    <subfield code="c">1972</subfield>
  </datafield>
  <datafield tag="300" ind1=" " ind2=" ">
    <subfield code="a">396</subfield>
  </datafield>
  <datafield tag="500" ind1=" " ind2=" ">
    <subfield code="a">Import.</subfield>
  </datafield>
  <datafield tag="650" ind1=" " ind2=" ">
    <subfield code="a">organic chemistry</subfield>
    <subfield code="9">98</subfield>
  </datafield>
  <datafield tag="700" ind1="1" ind2=" ">
    <subfield code="a">Waddington,D.J.</subfield>
    <subfield code="9">765</subfield>
  </datafield>
  <datafield tag="856" ind1="4" ind2="0">
    <subfield code="u">http://www.amazon.com/exec/obidos/ASIN/0003223434/chopaconline-20</subfield>
  </datafield>
  <datafield tag="942" ind1=" " ind2=" ">
    <subfield code="c">BK</subfield>
  </datafield>
  <datafield tag="999" ind1=" " ind2=" ">
    <subfield code="c">2171</subfield>
    <subfield code="d">2171</subfield>
  </datafield>
  <datafield tag="952" ind1=" " ind2=" ">
    <subfield code="0">0</subfield>
    <subfield code="1">0</subfield>
    <subfield code="7">0</subfield>
    <subfield code="8">NFIC</subfield>
    <subfield code="a">IC</subfield>
    <subfield code="b">IC</subfield>
    <subfield code="c">GEN</subfield>
    <subfield code="d">2015-09-17</subfield>
    <subfield code="g">1790.00</subfield>
    <subfield code="l">0</subfield>
    <subfield code="o">547 NOR</subfield>
    <subfield code="p">001512</subfield>
    <subfield code="r">2015-09-17 00:00:00</subfield>
    <subfield code="w">2015-09-17</subfield>
    <subfield code="y">REF</subfield>
  </datafield>
  <datafield tag="952" ind1=" " ind2=" ">
    <subfield code="0">0</subfield>
    <subfield code="1">0</subfield>
    <subfield code="7">0</subfield>
    <subfield code="a">IC</subfield>
    <subfield code="b">IC</subfield>
    <subfield code="d">2025-09-27</subfield>
    <subfield code="g">1790.00</subfield>
    <subfield code="l">0</subfield>
    <subfield code="o">547 NOR</subfield>
    <subfield code="p">000012</subfield>
    <subfield code="r">2025-09-27 10:38:46</subfield>
    <subfield code="w">2025-09-27</subfield>
    <subfield code="y">BK</subfield>
  </datafield>
  <datafield tag="952" ind1=" " ind2=" ">
    <subfield code="0">0</subfield>
    <subfield code="1">0</subfield>
    <subfield code="7">0</subfield>
    <subfield code="a">IC</subfield>
    <subfield code="b">IC</subfield>
    <subfield code="d">2025-09-27</subfield>
    <subfield code="g">1790.00</subfield>
    <subfield code="l">0</subfield>
    <subfield code="o">547 NOR</subfield>
    <subfield code="p">003522</subfield>
    <subfield code="r">2025-09-27 10:39:09</subfield>
    <subfield code="w">2025-09-27</subfield>
    <subfield code="y">BK</subfield>
  </datafield>
  <datafield tag="952" ind1=" " ind2=" ">
    <subfield code="0">0</subfield>
    <subfield code="1">0</subfield>
    <subfield code="7">0</subfield>
    <subfield code="a">IC</subfield>
    <subfield code="b">IC</subfield>
    <subfield code="d">2025-09-27</subfield>
    <subfield code="g">1790.00</subfield>
    <subfield code="l">0</subfield>
    <subfield code="o">547 NOR</subfield>
    <subfield code="p">001619</subfield>
    <subfield code="r">2025-09-27 10:39:39</subfield>
    <subfield code="w">2025-09-27</subfield>
    <subfield code="y">BK</subfield>
  </datafield>
  <datafield tag="952" ind1=" " ind2=" ">
    <subfield code="0">0</subfield>
    <subfield code="1">0</subfield>
    <subfield code="7">0</subfield>
    <subfield code="a">IC</subfield>
    <subfield code="b">IC</subfield>
    <subfield code="d">2025-09-27</subfield>
    <subfield code="g">1790.00</subfield>
    <subfield code="l">0</subfield>
    <subfield code="o">547 NOR</subfield>
    <subfield code="p">001622</subfield>
    <subfield code="r">2025-09-27 10:40:33</subfield>
    <subfield code="w">2025-09-27</subfield>
    <subfield code="y">BK</subfield>
  </datafield>
  <datafield tag="952" ind1=" " ind2=" ">
    <subfield code="0">0</subfield>
    <subfield code="1">0</subfield>
    <subfield code="7">0</subfield>
    <subfield code="a">IC</subfield>
    <subfield code="b">IC</subfield>
    <subfield code="d">2025-09-27</subfield>
    <subfield code="g">1790.00</subfield>
    <subfield code="l">0</subfield>
    <subfield code="o">547 NOR</subfield>
    <subfield code="p">002198</subfield>
    <subfield code="r">2025-09-27 10:40:57</subfield>
    <subfield code="w">2025-09-27</subfield>
    <subfield code="y">BK</subfield>
  </datafield>
</record>
